[Event "M?R 2020 v bleskovém ?achu druzstev"]
[Site "Turnov"]
[Date "2020.09.12"]
[Round "16.5"]
[White "Jirovsky PAN_A, Milos"]
[Black "Cech TUR_B, Pavel"]
[Result "1/2-1/2"]
[BlackElo "2361"]
[WhiteElo "2503"]
[LiveChessVersion "1.4.8"]

1. Nf3 {[%clk 0:03:03]} d5 {[%clk 0:03:02]} 2. e3 {[%clk 0:02:58]} Nf6
{[%clk 0:03:01]} 3. c4 {[%clk 0:02:59]} c6 {[%clk 0:03:02]} 4. Nc3
{[%clk 0:03:00]} g6 {[%clk 0:02:35]} 5. d4 {[%clk 0:02:55]} Bg7 {[%clk 0:02:36]}
6. Bd3 {[%clk 0:02:49]} O-O {[%clk 0:02:36]} 7. O-O {[%clk 0:02:49]} Bg4
{[%clk 0:02:36]} 8. cxd5 {[%clk 0:02:47]} cxd5 {[%clk 0:02:28]} 9. h3
{[%clk 0:02:48]} Bxf3 {[%clk 0:02:29]} 10. Qxf3 {[%clk 0:02:50]} Nc6
{[%clk 0:02:27]} 11. Bb5 {[%clk 0:02:41]} e5 {[%clk 0:02:21]} 12. Bxc6
{[%clk 0:02:14]} bxc6 {[%clk 0:02:22]} 13. dxe5 {[%clk 0:02:07]} Nd7
{[%clk 0:02:23]} 14. Qe2 {[%clk 0:02:07]} Nxe5 {[%clk 0:02:23]} 15. Rd1
{[%clk 0:02:08]} Qh4 {[%clk 0:01:57]} 16. b3 {[%clk 0:01:51]} f5 {[%clk 0:01:29]}
17. f4 {[%clk 0:01:14]} Nd7 {[%clk 0:01:23]} 18. Bb2 {[%clk 0:01:14]} Rfe8
{[%clk 0:01:17]} 19. Qf3 {[%clk 0:01:13]} Nf6 {[%clk 0:00:53]} 20. Rab1
{[%clk 0:01:01]} Rad8 {[%clk 0:00:52]} 21. Rd2 {[%clk 0:00:35]} 1/2-1/2

[Event "M?R 2020 v bleskovém ?achu druzstev"]
[Site "Turnov"]
[Date "2020.09.12"]
[Round "16.6"]
[White "Sodoma TUR_B, Jan"]
[Black "Sokolov PAN_A, Alexander"]
[Result "0-1"]
[BlackElo "2409"]
[WhiteElo "2239"]
[LiveChessVersion "1.4.8"]

1. e4 {[%clk 0:03:01]} c5 {[%clk 0:03:03]} 2. Nc3 {[%clk 0:03:01]} d6
{[%clk 0:03:04]} 3. g3 {[%clk 0:02:57]} Nc6 {[%clk 0:03:03]} 4. Bg2
{[%clk 0:02:58]} g6 {[%clk 0:03:03]} 5. Nge2 {[%clk 0:02:59]} Bg7
{[%clk 0:03:04]} 6. O-O {[%clk 0:02:59]} e6 {[%clk 0:03:05]} 7. d3
{[%clk 0:03:00]} Nge7 {[%clk 0:03:05]} 8. Be3 {[%clk 0:03:00]} Nd4
{[%clk 0:03:05]} 9. Qd2 {[%clk 0:02:48]} O-O {[%clk 0:03:04]} 10. Rab1
{[%clk 0:02:48]} Rb8 {[%clk 0:02:52]} 11. f4 {[%clk 0:02:38]} Nec6
{[%clk 0:02:48]} 12. h3 {[%clk 0:02:30]} f5 {[%clk 0:02:36]} 13. Kh2
{[%clk 0:02:28]} Bd7 {[%clk 0:02:33]} 14. Nd1 {[%clk 0:02:25]} Qc7
{[%clk 0:02:17]} 15. Ng1 {[%clk 0:02:17]} e5 {[%clk 0:01:47]} 16. c3
{[%clk 0:02:15]} exf4 {[%clk 0:01:48]} 17. Bxf4 {[%clk 0:02:00]} Ne6
{[%clk 0:01:46]} 18. Bh6 {[%clk 0:02:00]} fxe4 {[%clk 0:01:39]} 19. Rxf8+
{[%clk 0:01:49]} Rxf8 {[%clk 0:01:40]} 20. Bxg7 {[%clk 0:01:38]} Nxg7
{[%clk 0:01:39]} 21. Bxe4 {[%clk 0:01:29]} Be6 {[%clk 0:01:39]} 22. Ne3
{[%clk 0:01:26]} Bxa2 {[%clk 0:01:26]} 23. Re1 {[%clk 0:01:23]} Be6
{[%clk 0:01:24]} 24. Bd5 {[%clk 0:01:18]} Bxd5 {[%clk 0:01:05]} 25. Nxd5
{[%clk 0:01:19]} Qf7 {[%clk 0:01:06]} 26. Qg2 {[%clk 0:00:45]} Ne5
{[%clk 0:00:57]} 27. Re3 {[%clk 0:00:40]} Nf5 {[%clk 0:00:54]} 28. Re2
{[%clk 0:00:25]} Nxd3 {[%clk 0:00:51]} 29. g4 {[%clk 0:00:26]} Nh4
{[%clk 0:00:44]} 30. Qe4 {[%clk 0:00:27]} Ne5 {[%clk 0:00:39]} 31. Kg3
{[%clk 0:00:15]} Nhf3 {[%clk 0:00:24]} 32. Nxf3 {[%clk 0:00:14]} Qxf3+
{[%clk 0:00:24]} 33. Qxf3 {[%clk 0:00:14]} Rxf3+ {[%clk 0:00:24]} 34. Kg2
{[%clk 0:00:15]} Rf7 {[%clk 0:00:25]} 35. g5 {[%clk 0:00:14]} Kg7
{[%clk 0:00:23]} 36. Nf6 {[%clk 0:00:12]} Rf8 {[%clk 0:00:18]} 37. Rd2
{[%clk 0:00:11]} Rd8 {[%clk 0:00:17]} 38. h4 {[%clk 0:00:09]} h6 {[%clk 0:00:18]}
39. Kg3 {[%clk 0:00:09]} Nf7 {[%clk 0:00:17]} 40. Kf4 {[%clk 0:00:10]} b5
{[%clk 0:00:15]} 41. b4 {[%clk 0:00:09]} cxb4 {[%clk 0:00:13]} 42. cxb4
{[%clk 0:00:10]} Rc8 {[%clk 0:00:14]} 43. Ra2 {[%clk 0:00:07]} Rc4+
{[%clk 0:00:14]} 44. Kg3 {[%clk 0:00:08]} hxg5 {[%clk 0:00:15]} 45. hxg5
{[%clk 0:00:06]} Nxg5 {[%clk 0:00:16]} 46. Nd5 {[%clk 0:00:05]} Rd4
{[%clk 0:00:15]} 47. Rxa7+ {[%clk 0:00:06]} Kh6 {[%clk 0:00:15]} 48. Nf6
{[%clk 0:00:06]} Ne4+ {[%clk 0:00:14]} 49. Nxe4 {[%clk 0:00:05]} Rxe4
{[%clk 0:00:15]} 50. Rd7 {[%clk 0:00:03]} Rxb4 {[%clk 0:00:15]} 51. Rxd6
{[%clk 0:00:04]} Rc4 {[%clk 0:00:16]} 52. Rb6 {[%clk 0:00:04]} b4
{[%clk 0:00:18]} 53. Kf3 {[%clk 0:00:05]} Rc3+ {[%clk 0:00:19]} 54. Kg4
{[%clk 0:00:06]} b3 {[%clk 0:00:19]} 55. Rb8 {[%clk 0:00:07]} Kg7
{[%clk 0:00:19]} 56. Rb6 {[%clk 0:00:07]} Kf7 {[%clk 0:00:20]} 57. Kg5
{[%clk 0:00:06]} Re3 {[%clk 0:00:16]} 58. Rb7+ {[%clk 0:00:06]} Ke6
{[%clk 0:00:17]} 59. Kxg6 {[%clk 0:00:07]} Kd5 {[%clk 0:00:18]} 60. Kf5
{[%clk 0:00:07]} Rf3+ {[%clk 0:00:19]} 61. Kg4 {[%clk 0:00:08]} Rd3
{[%clk 0:00:18]} 62. Kf4 {[%clk 0:00:03]} Kd4 {[%clk 0:00:19]} 63. Rd7+ Kc3 64.
Rc7+ Kd2 65. Ke4 0-1

[Event "M?R 2020 v bleskovém ?achu druzstev"]
[Site "Turnov"]
[Date "2020.09.12"]
[Round "16.7"]
[White "Dolezal PAN_A, Radoslav"]
[Black "Liska TUR_B, Jiri"]
[Result "1-0"]
[BlackElo "2239"]
[WhiteElo "2404"]
[LiveChessVersion "1.4.8"]

1. d4 {[%clk 0:03:02]} Nf6 {[%clk 0:03:02]} 2. Bg5 {[%clk 0:03:02]} g6
{[%clk 0:02:51]} 3. Bxf6 {[%clk 0:03:02]} exf6 {[%clk 0:02:53]} 4. e4
{[%clk 0:03:01]} d6 {[%clk 0:02:39]} 5. Bd3 {[%clk 0:03:00]} Bg7 {[%clk 0:02:40]}
6. c3 {[%clk 0:02:56]} Qe7 {[%clk 0:02:39]} 7. Ne2 {[%clk 0:02:56]} O-O
{[%clk 0:02:37]} 8. O-O {[%clk 0:02:56]} b6 {[%clk 0:02:15]} 9. Nd2
{[%clk 0:02:54]} Bb7 {[%clk 0:02:15]} 10. Re1 {[%clk 0:02:49]} Nd7
{[%clk 0:02:16]} 11. Nf4 {[%clk 0:01:59]} Rfe8 {[%clk 0:02:02]} 12. Nd5
{[%clk 0:01:35]} Qd8 {[%clk 0:01:57]} 13. Qb3 {[%clk 0:01:32]} c6
{[%clk 0:01:42]} 14. Ne3 {[%clk 0:01:30]} Qc7 {[%clk 0:01:40]} 15. a4
{[%clk 0:01:17]} a6 {[%clk 0:01:25]} 16. h3 {[%clk 0:00:28]} Rad8
{[%clk 0:01:24]} 17. Ndf1 {[%clk 0:00:19]} Nf8 {[%clk 0:01:21]} 18. Ng3
{[%clk 0:00:19]} Ne6 {[%clk 0:01:19]} 19. Bc4 {[%clk 0:00:17]} Nf4
{[%clk 0:01:10]} 20. Rad1 {[%clk 0:00:08]} c5 {[%clk 0:00:51]} 21. d5
{[%clk 0:00:08]} Bc8 {[%clk 0:00:44]} 22. Bf1 {[%clk 0:00:08]} h5
{[%clk 0:00:39]} 23. h4 {[%clk 0:00:05]} Re7 {[%clk 0:00:35]} 24. Qc2
{[%clk 0:00:05]} Rde8 {[%clk 0:00:35]} 25. f3 {[%clk 0:00:05]} f5
{[%clk 0:00:21]} 26. Qd2 {[%clk 0:00:06]} fxe4 {[%clk 0:00:16]} 27. Nxe4
{[%clk 0:00:07]} f5 {[%clk 0:00:08]} 28. Ng5 {[%clk 0:00:08]} Bf6
{[%clk 0:00:09]} 29. Nc4 {[%clk 0:00:09]} Rxe1 {[%clk 0:00:06]} 30. Rxe1
{[%clk 0:00:10]} Rxe1 {[%clk 0:00:06]} 31. Qxe1 {[%clk 0:00:11]} b5
{[%clk 0:00:05]} 32. axb5 {[%clk 0:00:12]} axb5 {[%clk 0:00:06]} 33. Na3
{[%clk 0:00:11]} b4 34. Nb5 Qe7 {[%clk 0:00:06]} 35. Qxe7 {[%clk 0:00:06]} Bxe7
{[%clk 0:00:08]} 36. c4 {[%clk 0:00:07]} Kg7 {[%clk 0:00:04]} 37. g3
{[%clk 0:00:08]} Nd3 38. Bxd3 Bd7 39. Kf2 Bf6 40. b3 Be5 41. f4 Bxb5 42. fxe5 1-0

[Event "M?R 2020 v bleskovém ?achu druzstev"]
[Site "Turnov"]
[Date "2020.09.12"]
[Round "16.8"]
[White "Kucera TUR_B, Petr"]
[Black "Postupa PAN_A, Pavel"]
[Result "0-1"]
[BlackElo "2207"]
[WhiteElo "2252"]
[LiveChessVersion "1.4.8"]

1. d4 {[%clk 0:03:02]} Nf6 {[%clk 0:03:04]} 2. Bf4 {[%clk 0:02:57]} d6
{[%clk 0:03:05]} 3. Nf3 {[%clk 0:02:56]} g6 {[%clk 0:03:06]} 4. Nc3
{[%clk 0:02:45]} Bg7 {[%clk 0:02:55]} 5. e4 {[%clk 0:02:44]} Nh5 {[%clk 0:02:48]}
6. Be3 {[%clk 0:02:37]} O-O {[%clk 0:02:48]} 7. Qd2 {[%clk 0:02:34]} Nc6
{[%clk 0:02:42]} 8. Bh6 {[%clk 4:04:06]} e5 {[%clk 0:02:41]} 9. dxe5
{[%clk 0:02:12]} dxe5 {[%clk 0:02:16]} 10. Bxg7 {[%clk 0:01:59]} Nxg7
{[%clk 0:02:15]} 11. Qxd8 {[%clk 0:01:56]} Rxd8 {[%clk 0:02:14]} 12. Nd5
{[%clk 0:01:52]} Ne6 {[%clk 0:02:11]} 13. c3 {[%clk 0:01:46]} Kg7
{[%clk 0:02:09]} 14. Bb5 {[%clk 0:01:12]} f6 {[%clk 0:02:07]} 15. O-O-O
{[%clk 0:01:02]} Bd7 {[%clk 0:02:00]} 16. Rhe1 {[%clk 0:00:56]} a6
{[%clk 0:01:46]} 17. Ba4 {[%clk 0:00:51]} Nc5 {[%clk 0:01:45]} 18. Bc2
{[%clk 0:00:50]} Ne6 {[%clk 0:01:44]} 19. Ba4 {[%clk 0:00:34]} Kf7
{[%clk 0:01:42]} 20. a3 {[%clk 0:00:24]} Be8 {[%clk 0:01:42]} 21. Bb3
{[%clk 0:00:23]} Na5 {[%clk 0:01:33]} 22. Ba2 {[%clk 0:00:23]} Rac8
{[%clk 0:01:17]} 23. Rd2 {[%clk 0:00:20]} Ba4 {[%clk 0:01:05]} 24. Nxc7
{[%clk 0:00:13]} Bb3 {[%clk 0:00:45]} 25. Nxe6 {[%clk 0:00:12]} Rxd2
{[%clk 0:00:38]} 26. Nxd2 {[%clk 0:00:12]} Bxa2 {[%clk 0:00:38]} 27. b3
{[%clk 0:00:05]} Bxb3 {[%clk 0:00:34]} 28. Nxb3 {[%clk 0:00:06]} Nxb3+
{[%clk 0:00:34]} 29. Kb2 {[%clk 0:00:07]} Nd2 {[%clk 0:00:26]} 30. Re2
{[%clk 0:00:06]} Nc4+ {[%clk 0:00:27]} 31. Kb3 {[%clk 0:00:07]} Kxe6
{[%clk 0:00:28]} 32. Kb4 {[%clk 0:00:05]} Nd6 {[%clk 0:00:26]} 33. f3
{[%clk 0:00:06]} b6 {[%clk 0:00:25]} 34. Kb3 {[%clk 0:00:07]} Nb5
{[%clk 0:00:25]} 35. Re3 {[%clk 0:00:08]} Rxc3+ {[%clk 0:00:22]} 36. Rxc3
{[%clk 0:00:09]} Nxc3 {[%clk 0:00:23]} 37. Kxc3 {[%clk 0:00:10]} Kd6
{[%clk 0:00:24]} 38. Kc4 {[%clk 0:00:11]} Kc6 {[%clk 0:00:25]} 39. Kb4
{[%clk 0:00:12]} f5 {[%clk 0:00:24]} 40. a4 {[%clk 0:00:12]} fxe4 41. fxe4
{[%clk 0:00:13]} h6 {[%clk 0:00:24]} 42. h3 {[%clk 0:00:14]} h5 {[%clk 0:00:24]}
43. h4 {[%clk 0:00:15]} Kd6 {[%clk 0:00:11]} 44. Kc4 {[%clk 0:00:16]} Ke6
{[%clk 0:00:10]} 45. g3 {[%clk 0:00:14]} Kd6 {[%clk 0:00:09]} 46. Kb4
{[%clk 0:00:14]} Kd7 {[%clk 0:00:10]} 47. Kb3 {[%clk 0:00:14]} Kc6
{[%clk 0:00:11]} 48. Kb4 {[%clk 0:00:14]} b5 {[%clk 0:00:12]} 49. axb5+
{[%clk 0:00:08]} axb5 {[%clk 0:00:13]} 50. Kb3 {[%clk 0:00:09]} Kc5
{[%clk 0:00:15]} 51. Kc3 {[%clk 0:00:10]} b4+ {[%clk 0:00:16]} 52. Kb3
{[%clk 0:00:12]} Kd4 {[%clk 0:00:17]} 0-1

[Event "M?R 2020 v bleskovém ?achu druzstev"]
[Site "Turnov"]
[Date "2020.09.12"]
[Round "17.1"]
[White "Novotny RIC, Martin"]
[Black "Kraus TUR_A, Tomas"]
[Result "1-0"]
[BlackElo "2417"]
[WhiteElo "1914"]
[LiveChessVersion "1.4.8"]

1. d4 {[%clk 0:03:02]} d5 {[%clk 0:03:04]} 2. c4 {[%clk 0:03:03]} e6
{[%clk 0:03:06]} 3. Nf3 {[%clk 0:03:04]} c5 {[%clk 0:03:07]} 4. cxd5
{[%clk 0:03:04]} exd5 {[%clk 0:03:08]} 5. g3 {[%clk 0:03:05]} Nc6
{[%clk 0:03:09]} 6. Bg2 {[%clk 0:03:06]} Nf6 {[%clk 0:03:10]} 7. O-O
{[%clk 0:03:06]} cxd4 {[%clk 0:03:11]} 8. Nxd4 {[%clk 0:03:06]} Bc5
{[%clk 0:03:11]} 9. Nxc6 {[%clk 0:02:57]} bxc6 {[%clk 0:03:13]} 10. Qc2
{[%clk 0:02:57]} Qb6 {[%clk 0:03:12]} 11. Nc3 {[%clk 0:02:58]} Bd6
{[%clk 0:02:52]} 12. Na4 {[%clk 0:02:54]} Qb5 {[%clk 0:02:44]} 13. Be3
{[%clk 0:02:43]} Bg4 {[%clk 0:02:16]} 14. Rfc1 {[%clk 0:02:24]} Rc8
{[%clk 0:01:33]} 15. h3 {[%clk 0:02:02]} Bh5 {[%clk 0:01:21]} 16. Nc3
{[%clk 0:01:42]} Qb7 {[%clk 0:01:16]} 17. Nxd5 {[%clk 0:01:35]} Nxd5
{[%clk 0:00:57]} 18. Bxd5 {[%clk 0:01:36]} O-O {[%clk 0:00:58]} 19. Be4
{[%clk 0:01:26]} Qe7 {[%clk 0:00:38]} 20. Bxh7+ Kh8 21. Bf5 {[%clk 0:00:58]} Rc7
{[%clk 0:00:37]} 22. g4 {[%clk 0:00:51]} Qe5 {[%clk 0:00:30]} 23. Qe4
{[%clk 0:00:33]} Qh2+ {[%clk 0:00:30]} 24. Kf1 {[%clk 0:00:35]} Qxh3+
{[%clk 0:00:15]} 25. Qg2 {[%clk 0:00:36]} Qxg2+ {[%clk 0:00:15]} 26. Kxg2
{[%clk 0:00:37]} Bg6 {[%clk 0:00:17]} 27. Bxg6 {[%clk 0:00:38]} fxg6
{[%clk 0:00:18]} 28. Rc2 {[%clk 0:00:37]} Be5 {[%clk 0:00:14]} 29. Rac1
{[%clk 0:00:36]} Rfc8 {[%clk 0:00:14]} 30. b3 {[%clk 0:00:37]} Kg8
{[%clk 0:00:15]} 31. Rc5 {[%clk 0:00:30]} Bd6 {[%clk 0:00:08]} 32. R5c4
{[%clk 0:00:31]} Kf7 {[%clk 0:00:08]} 33. Bc5 {[%clk 0:00:30]} Bxc5
{[%clk 0:00:05]} 34. Rxc5 {[%clk 0:00:32]} Ke7 {[%clk 0:00:07]} 35. e3
{[%clk 0:00:27]} Kd7 {[%clk 0:00:06]} 36. Rg5 {[%clk 0:00:28]} Re8
{[%clk 0:00:04]} 37. Rxg6 {[%clk 0:00:29]} Re7 {[%clk 0:00:06]} 38. Kg3
{[%clk 0:00:27]} c5 {[%clk 0:00:06]} 39. Rc4 {[%clk 0:00:25]} Rc6
{[%clk 0:00:04]} 40. Rxc6 Kxc6 41. Kf3 {[%clk 0:00:24]} a5 {[%clk 0:00:04]} 42.
Ke2 {[%clk 0:00:24]} Rd7 {[%clk 0:00:04]} 43. f4 {[%clk 0:00:24]} Re7
{[%clk 0:00:04]} 44. Kf3 {[%clk 0:00:26]} Rd7 {[%clk 0:00:05]} 45. g5
{[%clk 0:00:26]} Rd2 {[%clk 0:00:06]} 46. Ra4 {[%clk 0:00:25]} Kb5
{[%clk 0:00:06]} 47. e4 {[%clk 0:00:23]} c4 {[%clk 0:00:06]} 48. Rxc4
{[%clk 0:00:23]} Rxa2 {[%clk 0:00:07]} 49. Rc7 {[%clk 0:00:20]} g6
{[%clk 0:00:05]} 50. f5 {[%clk 0:00:21]} gxf5 {[%clk 0:00:05]} 51. exf5
{[%clk 0:00:22]} Ra3 {[%clk 0:00:05]} 52. g6 {[%clk 0:00:21]} Rxb3+
{[%clk 0:00:05]} 53. Kf4 {[%clk 0:00:22]} 1-0

[Event "M?R 2020 v bleskovém ?achu druzstev"]
[Site "Turnov"]
[Date "2020.09.12"]
[Round "17.2"]
[White "Simacek TUR_A, Pavel"]
[Black "Nemec RIC, Jachym"]
[Result "1-0"]
[BlackElo "2002"]
[WhiteElo "2407"]
[LiveChessVersion "1.4.8"]

1. e4 {[%clk 0:03:02]} c5 {[%clk 0:03:03]} 2. Nf3 {[%clk 0:03:03]} Nc6
{[%clk 0:03:04]} 3. d4 {[%clk 0:03:03]} cxd4 {[%clk 0:03:05]} 4. Nxd4
{[%clk 0:03:04]} Nf6 {[%clk 0:03:05]} 5. Nc3 {[%clk 0:03:05]} e5 {[%clk 0:03:06]}
6. Ndb5 {[%clk 0:03:06]} d6 {[%clk 0:03:07]} 7. Nd5 {[%clk 0:03:08]} Nxd5
{[%clk 0:03:08]} 8. exd5 {[%clk 0:03:09]} Nb8 {[%clk 0:03:09]} 9. c4
{[%clk 0:03:07]} Be7 {[%clk 0:03:07]} 10. Be2 {[%clk 0:03:08]} O-O
{[%clk 0:03:07]} 11. O-O {[%clk 0:03:08]} Nd7 {[%clk 0:03:05]} 12. Be3
{[%clk 0:02:53]} a6 {[%clk 0:02:56]} 13. Nc3 {[%clk 0:02:31]} f5 {[%clk 0:02:56]}
14. f3 {[%clk 0:02:32]} f4 {[%clk 0:02:46]} 15. Bf2 {[%clk 0:02:33]} Bh4
{[%clk 0:02:45]} 16. Ne4 {[%clk 0:02:29]} Bxf2+ {[%clk 0:02:44]} 17. Rxf2
{[%clk 0:02:30]} Nf6 {[%clk 0:02:27]} 18. Bd3 {[%clk 0:02:30]} Nxe4
{[%clk 0:02:20]} 19. Bxe4 {[%clk 0:02:30]} Qh4 {[%clk 0:02:03]} 20. c5
{[%clk 0:02:21]} Rf6 {[%clk 0:01:09]} 21. cxd6 {[%clk 0:02:19]} Rxd6
{[%clk 0:00:50]} 22. Rc1 {[%clk 0:02:13]} Bd7 {[%clk 0:00:35]} 23. Qd2
{[%clk 0:01:35]} Rd8 {[%clk 0:00:27]} 24. Rc7 {[%clk 0:01:31]} Bc6
{[%clk 0:00:11]} 25. Qc3 {[%clk 0:01:05]} Bxd5 {[%clk 0:00:12]} 26. Qxe5
{[%clk 0:01:06]} Qf6 {[%clk 0:00:11]} 27. Bxd5+ {[%clk 0:00:54]} Rxd5
{[%clk 0:00:09]} 28. Qxf6 {[%clk 0:00:55]} gxf6 {[%clk 0:00:11]} 29. Rxb7
{[%clk 0:00:54]} Rd1+ {[%clk 0:00:12]} 30. Rf1 {[%clk 0:00:55]} R1d2
{[%clk 0:00:13]} 31. g3 {[%clk 0:00:48]} fxg3 {[%clk 0:00:10]} 32. hxg3
{[%clk 0:00:49]} Rc2 {[%clk 0:00:11]} 33. Rf2 {[%clk 0:00:50]} Rc1+
{[%clk 0:00:11]} 34. Kg2 {[%clk 0:00:51]} Rdd1 {[%clk 0:00:10]} 35. f4
{[%clk 0:00:47]} Rg1+ {[%clk 0:00:11]} 36. Kf3 {[%clk 0:00:47]} Rcd1
{[%clk 0:00:08]} 37. Rc2 {[%clk 0:00:42]} Rgf1+ {[%clk 0:00:05]} 38. Kg4
{[%clk 0:00:41]} Rd8 {[%clk 0:00:04]} 39. Kf5 {[%clk 0:00:41]} Rfd1
{[%clk 0:00:03]} 40. Kxf6 R1d5 {[%clk 0:00:04]} 41. Rc6 {[%clk 0:00:34]} Rf8+ 42.
Ke6 1-0

[Event "M?R 2020 v bleskovém ?achu druzstev"]
[Site "Turnov"]
[Date "2020.09.12"]
[Round "17.3"]
[White "Smolik RIC, Jachym"]
[Black "Vykouk TUR_A, Jan"]
[Result "0-1"]
[BlackElo "2374"]
[WhiteElo "1852"]
[LiveChessVersion "1.4.8"]

1. d4 {[%clk 0:03:04]} Nf6 {[%clk 0:03:03]} 2. Nf3 {[%clk 0:03:05]} g6
{[%clk 0:03:05]} 3. c4 {[%clk 0:03:06]} Bg7 {[%clk 0:03:06]} 4. Nc3
{[%clk 0:03:07]} O-O {[%clk 0:03:06]} 5. e4 {[%clk 0:03:07]} d6 {[%clk 0:03:07]}
6. Be2 {[%clk 0:03:08]} c6 {[%clk 0:03:08]} 7. O-O {[%clk 0:03:07]} a6
{[%clk 0:03:08]} 8. h3 {[%clk 0:02:55]} Nfd7 {[%clk 0:03:03]} 9. a4
{[%clk 0:02:52]} a5 {[%clk 0:03:04]} 10. Be3 {[%clk 0:02:48]} Na6
{[%clk 0:03:05]} 11. Rc1 {[%clk 0:02:24]} Nb4 {[%clk 0:03:05]} 12. b3
{[%clk 0:02:23]} e5 {[%clk 0:03:05]} 13. d5 {[%clk 0:02:18]} c5 {[%clk 0:03:04]}
14. Nb5 {[%clk 0:02:16]} Nf6 {[%clk 0:03:01]} 15. Bg5 {[%clk 0:02:14]} h6
{[%clk 0:03:00]} 16. Bxf6 {[%clk 0:01:58]} Bxf6 {[%clk 0:02:59]} 17. Nd2
{[%clk 0:01:53]} h5 {[%clk 0:02:45]} 18. Nb1 {[%clk 0:01:40]} Bg7
{[%clk 0:02:24]} 19. N1c3 {[%clk 0:01:40]} Qe7 {[%clk 0:02:17]} 20. Bd3
{[%clk 0:01:35]} Bd7 {[%clk 0:02:13]} 21. Bb1 {[%clk 0:01:33]} Bh6
{[%clk 0:02:04]} 22. Qe2 {[%clk 0:01:09]} Bxc1 {[%clk 0:02:03]} 23. Rxc1
{[%clk 0:01:10]} Kg7 {[%clk 0:02:02]} 24. f3 {[%clk 0:01:02]} Rad8
{[%clk 0:01:39]} 25. Qf2 {[%clk 0:00:52]} Bc8 {[%clk 0:01:37]} 26. Qg3
{[%clk 0:00:47]} h4 {[%clk 0:01:37]} 27. Qf2 {[%clk 0:00:46]} Qg5
{[%clk 0:01:38]} 28. Re1 {[%clk 0:00:42]} f5 {[%clk 0:01:34]} 29. exf5
{[%clk 0:00:34]} gxf5 {[%clk 0:01:34]} 30. f4 {[%clk 0:00:32]} Qxf4
{[%clk 0:01:30]} 31. Qxf4 {[%clk 0:00:32]} exf4 {[%clk 0:01:31]} 32. Kf2
{[%clk 0:00:24]} Rf7 {[%clk 0:01:17]} 33. Kf3 {[%clk 0:00:19]} Kf6
{[%clk 0:01:17]} 34. Kxf4 {[%clk 0:00:20]} Rg8 {[%clk 0:01:17]} 35. Re2
{[%clk 0:00:11]} Rg3 {[%clk 0:01:05]} 36. Rf2 {[%clk 0:00:06]} Re7
{[%clk 0:00:56]} 37. Nxd6 {[%clk 0:00:05]} Rxc3 {[%clk 0:00:55]} 38. Nxc8
{[%clk 0:00:04]} Ree3 {[%clk 0:00:44]} 39. Bxf5 Rg3 {[%clk 0:00:32]} 40. Be6
{[%clk 0:00:03]} Nd3+ {[%clk 0:00:32]} 41. Ke4+ {[%clk 0:00:03]} Nxf2+
{[%clk 0:00:32]} 42. Kf4 Nd3+ 43. Bf5 Nb2 44. Nd6 0-1

[Event "M?R 2020 v bleskovém ?achu druzstev"]
[Site "Turnov"]
[Date "2020.09.12"]
[Round "17.4"]
[White "Studnicka TUR_A, Tomas"]
[Black "Strnad RIC, Michael"]
[Result "1-0"]
[BlackElo "1520"]
[WhiteElo "2155"]
[LiveChessVersion "1.4.8"]

1. d4 {[%clk 0:03:03]} Nf6 {[%clk 0:03:04]} 2. Nf3 {[%clk 0:03:03]} g6
{[%clk 0:03:05]} 3. c4 {[%clk 0:03:03]} Bg7 {[%clk 0:03:05]} 4. Nc3
{[%clk 0:03:04]} d5 {[%clk 0:03:06]} 5. cxd5 Nxd5 {[%clk 0:03:07]} 6. Bd2
{[%clk 0:03:04]} O-O {[%clk 0:03:06]} 7. e4 {[%clk 0:03:05]} Nxc3
{[%clk 0:03:05]} 8. Bxc3 {[%clk 0:03:05]} c5 {[%clk 0:02:55]} 9. d5
{[%clk 0:03:05]} Bg4 {[%clk 0:02:32]} 10. Be2 {[%clk 0:03:03]} Bxc3+
{[%clk 0:02:22]} 11. bxc3 {[%clk 0:03:03]} Qa5 {[%clk 0:02:23]} 12. Qd2
{[%clk 0:03:04]} Bxf3 {[%clk 0:02:18]} 13. Bxf3 {[%clk 0:03:04]} Nd7
{[%clk 0:02:19]} 14. O-O {[%clk 0:03:03]} Ne5 {[%clk 0:02:12]} 15. Be2
{[%clk 0:03:04]} b5 {[%clk 0:02:00]} 16. Qe3 {[%clk 0:02:59]} b4 {[%clk 0:01:38]}
17. f4 {[%clk 0:02:59]} Nd7 {[%clk 0:01:39]} 18. cxb4 {[%clk 0:02:57]} cxb4
{[%clk 0:01:38]} 19. Bf3 {[%clk 0:02:51]} Qb6 {[%clk 0:01:36]} 20. Qxb6
{[%clk 0:02:41]} Nxb6 {[%clk 0:01:32]} 21. Rfb1 {[%clk 0:02:42]} a5
{[%clk 0:01:22]} 22. a3 {[%clk 0:02:43]} Nc4 {[%clk 0:01:02]} 23. axb4
{[%clk 0:02:35]} a4 {[%clk 0:00:37]} 24. b5 {[%clk 0:02:20]} a3 {[%clk 0:00:33]}
25. Rc1 {[%clk 0:02:01]} Nd2 {[%clk 0:00:17]} 26. Rc3 {[%clk 0:02:00]} a2
{[%clk 0:00:14]} 27. Rc2 {[%clk 0:01:58]} Nb3 {[%clk 0:00:07]} 28. Raxa2
{[%clk 0:01:55]} Rxa2 {[%clk 0:00:06]} 29. Rxa2 {[%clk 0:01:56]} Rb8
{[%clk 0:00:07]} 30. Be2 {[%clk 0:01:21]} Nd4 {[%clk 0:00:07]} 31. Bf1
{[%clk 0:01:17]} Rb7 {[%clk 0:00:06]} 32. Ra4 {[%clk 0:01:15]} Nxb5
{[%clk 0:00:06]} 33. Rb4 {[%clk 0:01:12]} Nd6 {[%clk 0:00:07]} 34. Rxb7
{[%clk 0:01:13]} f6 {[%clk 0:00:08]} 1-0